Química general universitaria /

Uloženo v:
Podrobná bibliografie
Hlavní autor: Keenan, Charles W. (autor)
Médium: Kniha
Jazyk:španělština
Vydáno: México : CECSA, 1978
Témata:
Tagy: Přidat tag
Žádné tagy, Buďte první, kdo vytvoří štítek k tomuto záznamu!

MARC

LEADER 00000nam^a2200000^a^4500
001 000005150
005 20250521000000.0
009 20260310083334.155
037 |a Acervo ITESO - Biblioteca 
041 |a ESP 
082 |a 540.  |b KEE 
100 |a Keenan, Charles W.  |e (autor) 
245 1 0 |a Química general universitaria /  |c C.W. Keenan ; tr. por Antonio Heroles Gómez. 
264 1 |a México :  |b CECSA,  |c 1978 
300 |a 858 p. 
336 |a texto  |b txt  |2 rdacontenido 
337 |a sin mediación  |b n  |2 rdamedio 
338 |a volumen  |b nc  |2 rdasoporte 
500 |a Traducción de: General College Chemistry 
649 |a XX 
650 |a Química 
910 |a Fondo General 
920 |a Impresos - Libros 
930 |a Colección General 
905 |a 101 
901 |a 0051500100  |b IT1  |c ACC  |i 005150  |u 20250521 
902 |a https://opac.biblio.iteso.mx/vufind/Record/000005150